Multiple Choice-Stadtquiz Linz - Statistiken

Allgemein
  • Dieses Quiz wurde 35 mal gespielt
  • Das Durchschnittsergebnis liegt bei 6 aus 10
Antwortstatistiken
Frage Antwort % Korrekt
Welchen Spitznamen trägt Linz aufgrund der ansässigen Metallindustrie? Stahlstadt
78%
Nach welchem Komponisten wurden u.a. ein Konzerthaus und eine Universität benannt? Anton Bruckner
75%
Welcher Fluss mündet in Linz in die Donau? Traun
75%
Welches Linzer Museum trägt den Untertitel "Museum der Zukunft"? Ars Electronica Center
69%
Was ist KEIN Stadtteil von Linz? Vogelweide
69%
Welche Firma hat ihren Sitz NICHT in Linz? Berglandmilch
59%
Welche Zutat ist Hauptbestandteil der Linzer Torte? Ribisel­marmelade
53%
Welche dieser Linzer Kirchen ist die größte Österreichs? Mariä-Empfängnis-Dom
50%
Zu welchem historischen Viertel gehört der Großteil von Linz? Traunviertel
34%
Welcher Showmaster wurde in Linz geboren? Frank Elstner
28%
Keine übereinstimmenden Quizze gefunden
Verteilung der Resultate
Anzahl Personen mit jedem Resultat
Perzentil nach korrekt beantworteten Fragen
Ihre Resultats-Entwicklung
Sie haben dieses Quiz noch nicht gespielt